01017cam a22002771 4500001001300000003000400013005001700017008004100034010001700075035001900092040004500111042001200156050001700168082001500185100004300200245013300243260002400376300001800400500010900418500001700527650003100544651003600575650004700611710006400658999001700722l 44000052 DLC20260227111538.0820715s1943 dcu 000 0 eng c al 44000052  a(OCoLC)8602417 aU.S. Dept. of Labor Libr.cNcDdNcDdDLC apremarc00aHD5724b.P48 a331.1379731 aPierson, John Herman Groesbeck,d1906-10aEmployment after the war,cby John H. G. Pierson, chief, Postwar Division, Bureau of Labor Statistics, U.S. Department of Labor. a[Washington,c1943] a13 p.c18 cm. a"Written at the request of the Postwar Planning Committee of the American Federation of Labor."--p. [2]. aCover title. 0aUnemployedzUnited States. 0aUnited StatesxEconomic policy. 0aReconstruction (1939-1951)zUnited States.2 aAmerican Federation of Labor.bPost War Planning Committee. c36448d36448